Physics /

Saved in:
Bibliographic Details
Main Author: Breithaupt, Jim.
Format: Book
Language:English
Published: Houndmills, Basingstoke : Macmilan Press, 1999.
Subjects:
Tags: Add Tag
No Tags, Be the first to tag this record!
Institutions: Mạng thư viện Đại học Đà Nẵng
LEADER 00802cam a2200325 i 4500
001 000045929
003 5148
005 20030214105643.0
008 010220|1999 vm 000 eng
020 |a 0333733029 (pbk.) 
040 |a IRC  |c IRC  |d IRC 
041 0 |a eng 
082 1 4 |a 530  |b BR-J 
100 1 |a Breithaupt, Jim. 
245 0 0 |a Physics /  |c Jim Breithaupt. 
260 |a Houndmills, Basingstoke :  |b Macmilan Press,  |c 1999. 
300 |a xii, 484p. :  |b ill. 
630 0 4 |a Physics. 
650 0 4 |a Physics  |x Problems, exercises, etc. 
650 0 4 |a Physics. 
OWN |a DUT 
999 |a From the UDN01 
TYP |a Monograph 
TYP |a Printed language 
980 |a Mạng thư viện Đại học Đà Nẵng